LEADER 01922nam--2200469---450 001 9911071725203321 005 20260409115202.0 010 $a9791223505809 100 $a20161109d2025----km-y0itay50------ba 101 0 $aita 102 $aIT 105 $ay-------001yy 200 1 $a<>integrazione europea attraverso la giurisprudenza comunitaria (1954-1974)$ei processi, gli attori, le narrative$fAmedeo Arena, Maria Eugenia Bartoloni, Mario Riberi 210 $aNapoli$cEditoriale Scientifica$d2025 215 $a3 v.$d28 cm 225 1 $a<>quaderni del corso di perfezionamento in diritto dell?Unione europea dell?Università degli studi di Napoli Federico II$v14 676 $a341.2422$v21 700 1$aArena,$bAmedeo$0513766 701 1$aBartoloni,$bMaria Eugenia$0756272 701 1$aRiberi,$bMario$0751966 801 0$aIT$bUNINA$gRICA$2UNIMARC 856 4 $zVisualizza la versione elettronica$uhttps://editorialescientifica.it/wp-content/uploads/2026/02/VolumeREILS.pdf$e20260407 901 $aBK 912 $a9911071725203321 952 $aQ 1033 (1)$bDSI 2/2026$fDSI 952 $aQ 1033 (2)$bDSI 2/2026$fDSI 952 $aQ 1033 (3)$bDSI 2/2026$fDSI 952 $aQ 1033 (1) bis$bDSI 2/2026$fDSI 952 $aQ 1033 (2) bis$bDSI 2/2026$fDSI 952 $aQ 1033 (3) bis$bDSI 2/2026$fDSI 952 $aQ 1033 (3) quater$bDSI 2/2026$fDSI 952 $aQ 1033 (2) quater$bDSI 2/2026$fDSI 952 $aQ 1033 (1) quater$bDSI 2/2026$fDSI 952 $aQ 1033 (1) ter$bDSI 2/2026$fDSI 952 $aQ 1033 (2) ter$bDSI 2/2026$fDSI 952 $aQ 1033 (3) ter$bDSI 2/2026$fDSI 952 $aQ 1033 (1) quinquies$bDSI 2/2026$fDSI 952 $aQ 1033 (2) quinquies$bDSI 2/2026$fDSI 952 $aQ 1033 (3) quinquies$bDSI 2/2026$fDSI 959 $aDSI 996 $aIntegrazione europea attraverso la giurisprudenza comunitaria (1954-1974)$94559460 997 $aUNINA